| 000 | 00743nam a2200205 i 4500 | ||
|---|---|---|---|
| 001 | 107466 | ||
| 003 | ES-MaACL | ||
| 005 | 20250827063219.0 | ||
| 007 | t| | ||
| 008 | 061121s1976 sp r ||||1| spa d | ||
| 100 | 1 |
_aMorato, Juan José, _d1864-1938 _983163 |
|
| 245 | 1 | 3 |
_aEl partido socialista obrero _b: génesis, doctrina, hombres, organización, desarrollo, acción, estado actual / _cJuan José Morato Caldeiro. |
| 260 |
_aMadrid : _bAyuso, _c1976. |
||
| 300 |
_a231 p. ; _c21. |
||
| 490 | 1 |
_aBiblioteca de textos socialistas ; _v12 |
|
| 610 | 2 | 4 |
_aPartido Socialista Obrero Español. _96155 |
| 830 | 0 |
_aBiblioteca de textos socialistas ; _v12 _9184392 |
|
| 852 |
_aES-MaACL _jA-5831 _bR.94671 |
||
| 999 |
_c107466 _d107466 |
||